000
00213 a2200097 4500
001
28565
100
_a
Tuli, G D
245
_a
Physical Chemistry (Pass Book)
260
_a
_b
Premier Pub
_c
090
_c
19130
_d
19130
942
_a
NUST-CAE
_c
M
_c
10148
999
_c
263638
_d
263638